[Event "Cracovia 2008 op A"]
[Site "Krakow"]
[Date "2008.12.30"]
[Round "5.22"]
[White "Miroslaw, Michal"]
[Black "Rudnicki, Milosz"]
[Result "1-0"]
[WhiteElo "2323"]
[BlackElo "2232"]
[PlyCount "77"]
[EventDate "2008.??.??"]

1. e4 c5 2. Nf3 d6 3. d4 cxd4 4. Nxd4 Nf6 5. Nc3 g6 6. Be3 Bg7 7. f3 Nc6 8. Qd2
O-O 9. Bc4 Na5 10. Bb3 Nd7 11. Bh6 Ne5 12. Bxg7 Kxg7 13. Nde2 Bd7 14. f4 Nxb3
15. axb3 Nc6 16. O-O Bg4 17. Nc1 f6 18. Nd3 Be6 19. Kh1 a6 20. Qf2 Rc8 21. Rae1
Qa5 22. Re3 Nb4 23. Nxb4 Qxb4 24. f5 Bf7 25. Nd5 Bxd5 26. exd5 Rc7 27. Rfe1 Rf7
28. c4 g5 29. h4 h6 30. Qe2 gxh4 31. Qh5 Qd2 32. Qg6+ Kf8 33. Qxh6+ Rg7 34.
R1e2 Qd4 35. Re4 Qd1+ 36. Kh2 Qd3 37. Rg4 Ke8 38. Qxg7 Qxe2 39. Qg8+ 1-0

[Event "Cracovia 2008 op A"]
[Site "Krakow"]
[Date "2008.12.30"]
[Round "5.23"]
[White "Brokken, Dennis"]
[Black "Galyga, Zbigniew"]
[Result "0-1"]
[WhiteElo "2306"]
[BlackElo "2204"]
[PlyCount "72"]
[EventDate "2008.??.??"]

1. d4 f5 2. c4 Nf6 3. g3 e6 4. Bg2 c6 5. Nf3 d5 6. O-O Bd6 7. b3 Qe7 8. Bb2 a5
9. Ne5 O-O 10. Nd2 Rd8 11. Qc2 Na6 12. Nd3 Bd7 13. Nf3 b6 14. Rfc1 c5 15. dxc5
Nxc5 16. Nfe5 Rac8 17. cxd5 exd5 18. Nxd7 Ncxd7 19. Qxc8 Rxc8 20. Rxc8+ Kf7 21.
Rc2 Ne4 22. Nf4 Bxf4 23. gxf4 Qh4 24. e3 Ndf6 25. f3 Nc5 26. Rd1 h6 27. Bxf6
Kxf6 28. Rcd2 g5 29. fxg5+ hxg5 30. Rxd5 Ne6 31. a3 f4 32. e4 g4 33. Rb5 Nd4
34. Rxb6+ Ke5 35. fxg4 f3 36. Bf1 f2+ 0-1

[Event "Cracovia 2008 op A"]
[Site "Krakow"]
[Date "2008.12.30"]
[Round "5.24"]
[White "Tokarski, Lukasz"]
[Black "Klekowski, Maciej"]
[Result "0-1"]
[WhiteElo "2302"]
[BlackElo "2201"]
[PlyCount "182"]
[EventDate "2008.??.??"]

1. e4 c5 2. Nf3 Nc6 3. d4 cxd4 4. Nxd4 Nf6 5. Nc3 e5 6. Ndb5 d6 7. Bg5 a6 8.
Na3 b5 9. Bxf6 gxf6 10. Nd5 Bg7 11. c3 f5 12. exf5 Bxf5 13. Nc2 Be6 14. Nce3
O-O 15. Bd3 f5 16. O-O Rb8 17. Bc2 a5 18. Qh5 Bxd5 19. Nxd5 Qe8 20. Qxe8 Rbxe8
21. Rfd1 Rb8 22. Ne3 e4 23. Rxd6 Ne5 24. Bb3+ Kh8 25. Be6 f4 26. Nf5 Nc4 27.
Rd7 Bf6 28. Re1 e3 29. fxe3 fxe3 30. Re2 Ne5 31. Rd6 Rbd8 32. Rxe3 b4 33. h3
Rxd6 34. Nxd6 Rd8 35. Ne4 Rd1+ 36. Kh2 Bd8 37. c4 Rb1 38. Nd6 Bg5 39. Re4 Rxb2
40. Kg3 Bf6 41. Ne8 b3 42. axb3 Rxb3+ 43. Kf4 Ng6+ 44. Kf5 Be7 45. Bf7 Rb6 46.
g3 a4 47. c5 Bxc5 48. Rxa4 Bf2 49. Rg4 Rb5+ 50. Kf6 Rb6+ 51. Be6 Be1 52. Nc7
Bc3+ 53. Kf5 Ne7+ 54. Ke4 Rc6 55. Kf3 Rxc7 56. Rc4 Rxc4 57. Bxc4 Kg7 58. Bd3
Ng6 59. Bc2 Kf6 60. Kg4 Be1 61. h4 Bd2 62. Kh5 Nf8 63. g4 Kg7 64. g5 Nd7 65.
Kg4 Ne5+ 66. Kf5 Nf3 67. Kg4 Ne5+ 68. Kf5 Nc4 69. Bb1 Be1 70. h5 Nd2 71. Bd3
Nf3 72. h6+ Kf7 73. Bc4+ Kf8 74. Bd5 Nh4+ 75. Kg4 Ng6 76. Bb3 Bd2 77. Kf5 Nh8
78. Kg4 Nf7 79. Bxf7 Kxf7 80. Kh5 Bc1 81. Kg4 Kg6 82. Kg3 Kh5 83. Kf3 Kh4 84.
Kg2 Kg4 85. Kh2 Bf4+ 86. Kg2 Bg3 87. Kf1 Kh3 88. Kg1 Bh2+ 89. Kf1 Bf4 90. Kg1
Kg3 91. Kf1 Be3 0-1

[Event "Cracovia 2008 op A"]
[Site "Krakow"]
[Date "2008.12.30"]
[Round "5.25"]
[White "Orzech, Dominik"]
[Black "Kuciel, Wladyslaw"]
[Result "1-0"]
[WhiteElo "2462"]
[BlackElo "2142"]
[PlyCount "97"]
[EventDate "2008.??.??"]

1. Nf3 Nf6 2. c4 e6 3. g3 c5 4. Bg2 Nc6 5. O-O d5 6. d4 cxd4 7. Nxd4 Qb6 8. Nb3
Be7 9. cxd5 Nxd5 10. e4 Nf6 11. Be3 Qc7 12. Nc3 O-O 13. Rc1 Bd7 14. Bf4 e5 15.
Bg5 Rad8 16. Bxf6 Bxf6 17. Nd5 Qd6 18. Qe2 a5 19. Rfd1 a4 20. Nc5 Bc8 21. Nxa4
Nd4 22. Qe3 h6 23. Rd2 Bd7 24. Nab6 Bc6 25. h4 Bxd5 26. Nxd5 Ra8 27. a3 Bd8 28.
Rd3 Ra4 29. Rc8 g5 30. hxg5 Bxg5 31. Rxf8+ Kxf8 32. Qe1 Qa6 33. Qd1 Rc4 34. Rc3
Rxc3 35. bxc3 Nc6 36. Qb3 Be7 37. Bf1 Qa7 38. Nxe7 Kxe7 39. Bc4 Nd8 40. Qb4+
Kd7 41. Bb5+ Kc8 42. Qe7 Qa5 43. Qxe5 Qxa3 44. c4 Ne6 45. Qh8+ Kc7 46. Qxh6 Qf3
47. e5 Qe4 48. Qf6 Nd4 49. Qd6+ 1-0

[Event "Cracovia 2008 op A"]
[Site "Krakow"]
[Date "2008.12.30"]
[Round "5.26"]
[White "Marzano, Carlo"]
[Black "D`Costa, Lorin A R"]
[Result "0-1"]
[WhiteElo "2188"]
[BlackElo "2411"]
[PlyCount "90"]
[EventDate "2008.??.??"]

1. Nc3 d5 2. e3 Nf6 3. Nf3 g6 4. d4 Bg7 5. Bd3 O-O 6. O-O c5 7. Re1 Nc6 8. dxc5
Qa5 9. Nb5 Qb4 10. c3 Qxc5 11. Nbd4 Bg4 12. h3 Bxf3 13. Nxf3 e5 14. Nd2 Rad8
15. Qa4 e4 16. Bf1 a6 17. Nb3 Qb6 18. Nd4 Ne5 19. b3 Rfe8 20. Ba3 Nfd7 21. Rac1
Rc8 22. c4 dxc4 23. Bxc4 Nxc4 24. Rxc4 Rxc4 25. Qxc4 Ne5 26. Qd5 Nd3 27. Rd1 h5
28. Bc1 Qc7 29. Bd2 Bxd4 30. Qxd4 Qc2 31. Bc3 Qxf2+ 32. Kh2 Ne5 33. Qb6 Nf3+
34. Kh1 Qg3 35. gxf3 Qxf3+ 36. Kh2 Qe2+ 37. Kg3 Qxd1 38. Kf4 h4 39. Qf6 Qf3+
40. Kg5 Qh5+ 41. Kf4 Qf3+ 42. Kg5 Qxf6+ 43. Bxf6 Rc8 44. Kxh4 Rc2 45. a4 Rg2
0-1

[Event "Cracovia 2008 op A"]
[Site "Krakow"]
[Date "2008.12.30"]
[Round "5.27"]
[White "Kielczewski, Krzysztof"]
[Black "Zude, Erik"]
[Result "1/2-1/2"]
[WhiteElo "2185"]
[BlackElo "2396"]
[PlyCount "53"]
[EventDate "2008.??.??"]

1. e4 c5 2. c3 Nf6 3. e5 Nd5 4. g3 d6 5. exd6 e6 6. Bg2 Bxd6 7. d4 cxd4 8. Qxd4
O-O 9. Nf3 Nc6 10. Qe4 Be7 11. O-O Bd7 12. c4 Nf6 13. Qe2 a6 14. Nc3 Rc8 15. b3
b5 16. cxb5 Na7 17. Bb2 Nxb5 18. Rfc1 Bc6 19. Nxb5 axb5 20. Rxc6 Rxc6 21. Nd4
Rb6 22. Nxb5 Nd5 23. Rd1 Bf6 24. a4 g6 25. Ba3 Re8 26. Bc5 Rb8 27. Qc4 1/2-1/2

[Event "Cracovia 2008 op A"]
[Site "Krakow"]
[Date "2008.12.30"]
[Round "5.28"]
[White "Obrusnik, Michal"]
[Black "Picard, Romain"]
[Result "1-0"]
[WhiteElo "2181"]
[BlackElo "2371"]
[PlyCount "55"]
[EventDate "2008.??.??"]

1. e4 e5 2. Nf3 d6 3. d4 exd4 4. Nxd4 Nf6 5. Nc3 Be7 6. Bf4 O-O 7. Qd2 c6 8.
O-O-O b5 9. f3 b4 10. Nce2 c5 11. Nb3 Nc6 12. Bxd6 c4 13. Bxe7 Qxe7 14. Nbd4
Nxd4 15. Nxd4 c3 16. Qg5 cxb2+ 17. Kb1 Re8 18. h4 Bd7 19. Bb5 Bxb5 20. Qxb5 a5
21. Nf5 Qc7 22. Nd6 Re7 23. e5 Nd7 24. Nf5 Rxe5 25. Rxd7 Qc3 26. Rhd1 h6 27.
Ne7+ Kf8 28. Qb7 1-0

[Event "Cracovia 2008 op A"]
[Site "Krakow"]
[Date "2008.12.30"]
[Round "5.29"]
[White "Warakomska, Anna"]
[Black "Brzeski, Maciej"]
[Result "0-1"]
[WhiteElo "2169"]
[BlackElo "2366"]
[PlyCount "88"]
[EventDate "2008.??.??"]

1. e4 c5 2. Nf3 Nc6 3. d4 cxd4 4. Nxd4 e5 5. Nb5 d6 6. N1c3 a6 7. Na3 b5 8. Nd5
Nge7 9. c4 Nd4 10. cxb5 Nxd5 11. exd5 Rb8 12. Be3 Nxb5 13. Nxb5 axb5 14. Be2
Be7 15. O-O O-O 16. Qd2 Bd7 17. b3 Ra8 18. Rac1 Qb8 19. Rc2 Rc8 20. Rfc1 Rxc2
21. Qxc2 Bd8 22. Kh1 f5 23. f4 e4 24. Bd4 Qb7 25. Qb2 Be8 26. Rc3 Bb6 27. Bxb6
Qxb6 28. Rg3 Bg6 29. Bh5 Qc7 30. Bxg6 hxg6 31. h3 Kh7 32. Qd2 Rc8 33. a4 Qc1+
34. Qxc1 Rxc1+ 35. Kh2 b4 36. Re3 Rc3 37. Re2 Rxb3 38. Rc2 Rd3 39. Rb2 b3 40.
Kg1 Kg8 41. Kf2 Kf7 42. Ke2 Ke7 43. Kf2 Kd7 44. a5 Kc7 0-1

[Event "Cracovia 2008 op A"]
[Site "Krakow"]
[Date "2008.12.30"]
[Round "5.30"]
[White "Soozankar, A.M."]
[Black "Moryc, Ignacy"]
[Result "1-0"]
[WhiteElo "2264"]
[BlackElo "2154"]
[PlyCount "59"]
[EventDate "2008.??.??"]

1. d4 d5 2. Nc3 Nf6 3. Nf3 Bg4 4. Ne5 Bh5 5. Bf4 c6 6. f3 Nbd7 7. g4 Bg6 8. h4
h6 9. Nxg6 fxg6 10. Qd3 Kf7 11. Bh3 Qe8 12. Qe3 e5 13. Bxe5 Nxe5 14. dxe5 Nd7
15. f4 g5 16. O-O-O Kg8 17. Rhf1 Bc5 18. Qf3 gxf4 19. Nxd5 Nxe5 20. Qb3 cxd5
21. Qxd5+ Nf7 22. Qxc5 Rc8 23. Qxa7 Qxe2 24. Rd2 Qe7 25. Rxf4 g5 26. Rf1 Rc4
27. Bg2 Rxg4 28. Bd5 Rf4 29. Rxf4 gxf4 30. Qb8+ 1-0

[Event "Cracovia 2008 op A"]
[Site "Krakow"]
[Date "2008.12.30"]
[Round "5.31"]
[White "Mrva, Vladimir"]
[Black "Klim, Kamil"]
[Result "1-0"]
[WhiteElo "2149"]
[BlackElo "2249"]
[PlyCount "65"]
[EventDate "2008.??.??"]

1. e4 c5 2. Nf3 Nc6 3. Bb5 g6 4. O-O Bg7 5. c3 Nf6 6. Re1 O-O 7. d4 cxd4 8.
cxd4 d5 9. e5 Ne4 10. Nbd2 Nxd2 11. Bxd2 Bg4 12. Be3 Qb6 13. Qa4 Bxf3 14. gxf3
f6 15. f4 Rac8 16. Rac1 Nb8 17. Bd7 Rcd8 18. Bh3 f5 19. Rc3 Nc6 20. Rec1 e6 21.
Bf1 g5 22. Rb3 Qc7 23. Bb5 gxf4 24. Bxf4 Rc8 25. Bxc6 bxc6 26. Rbc3 Qf7 27. Rg3
Kh8 28. Rxc6 Qe8 29. Ra6 Qh5 30. Rxa7 Rg8 31. Qa6 Rc4 32. Raxg7 Rgc8 33. Qxe6
1-0

[Event "Cracovia 2008 op A"]
[Site "Krakow"]
[Date "2008.12.30"]
[Round "5.32"]
[White "Galazewski, Tomasz"]
[Black "Siwiec, Arkadiusz"]
[Result "1/2-1/2"]
[WhiteElo "2245"]
[BlackElo "2095"]
[PlyCount "87"]
[EventDate "2008.??.??"]

1. Nf3 Nf6 2. g3 g6 3. Bg2 Bg7 4. O-O d5 5. d3 O-O 6. c4 c5 7. Nc3 Nc6 8. h3
dxc4 9. dxc4 Be6 10. Qa4 Qc7 11. Kh2 Rfd8 12. Be3 Nd7 13. Ng5 Nb6 14. Qb5 Bxc4
15. Qxc5 e6 16. Nge4 Nd4 17. Bg5 Qxc5 18. Nxc5 f6 19. Be3 Nc2 20. Bxb7 Nxa1 21.
Bxa8 Nc2 22. Bf3 Nxe3 23. fxe3 Rd2 24. b3 Rc2 25. bxc4 Rxc3 26. Rd1 Kf7 27. Nb7
Ke7 28. c5 Nd7 29. Nd8 Rxc5 30. Nc6+ Ke8 31. Nxa7 Ne5 32. Bg2 Ra5 33. Nc6 Rxa2
34. Nd4 Ke7 35. Rb1 Ra7 36. Rb6 Bh6 37. Rxe6+ Kf7 38. Bd5 Kg7 39. Rb6 Bxe3 40.
Ne6+ Kh6 41. Rb4 Bg5 42. Kg2 Rd7 43. Rd4 f5 44. Bf3 1/2-1/2

[Event "Cracovia 2008 op A"]
[Site "Krakow"]
[Date "2008.12.30"]
[Round "5.33"]
[White "Barski, Radoslaw"]
[Black "Shilov, Sergej"]
[Result "1-0"]
[WhiteElo "2143"]
[BlackElo "2229"]
[PlyCount "135"]
[EventDate "2008.??.??"]

1. e4 g6 2. d4 Bg7 3. Nc3 d6 4. g3 Nf6 5. Bg2 O-O 6. Nge2 e5 7. O-O exd4 8.
Nxd4 Re8 9. h3 Nbd7 10. Re1 Nc5 11. a4 a5 12. Ndb5 Bd7 13. Bf4 Nh5 14. Be3 Nf6
15. Bxc5 dxc5 16. e5 Nh5 17. Bxb7 Rb8 18. Bf3 c6 19. Nd6 Rxe5 20. Rxe5 Bxe5 21.
Bxh5 Bxh3 22. Nde4 Qe7 23. Bf3 Rxb2 24. Rb1 Rb4 25. Qe2 Bd4 26. Rxb4 cxb4 27.
Nd1 Kg7 28. Ne3 h5 29. Nc4 h4 30. g4 f5 31. Ned6 Qg5 32. Qd2 Qxd2 33. Nxd2 fxg4
34. Bg2 Bxg2 35. Kxg2 h3+ 36. Kf1 Bb6 37. Nb3 Kf6 38. Nc4 Ba7 39. Nbxa5 g3 40.
fxg3 Ke6 41. Nd2 Bb8 42. g4 Bf4 43. Nac4 Kd5 44. a5 Bb8 45. a6 Kc5 46. Ne5 Kb5
47. Ne4 Ba7 48. Nd6+ Kxa6 49. Nxc6 Bc5 50. Ne4 Bf8 51. Ne5 Kb5 52. Kf2 Bg7 53.
Nxg6 Kc4 54. Nf4 b3 55. cxb3+ Kxb3 56. Nxh3 Kc4 57. Kf3 Bh6 58. Nd6+ Kd5 59.
Nf5 Bd2 60. Ne3+ Kd4 61. Nf4 Ba5 62. g5 Ke5 63. g6 Kf6 64. Ned5+ Kg7 65. Kg4
Bd2 66. Kf5 Bc1 67. Ne6+ Kh6 68. g7 1-0

[Event "Cracovia 2008 op A"]
[Site "Krakow"]
[Date "2008.12.30"]
[Round "5.34"]
[White "Czarnecki, Wojciech"]
[Black "Veltkamp, Gerben"]
[Result "1/2-1/2"]
[WhiteElo "2132"]
[BlackElo "2221"]
[PlyCount "69"]
[EventDate "2008.??.??"]

1. d4 d5 2. c4 c6 3. Nf3 Nf6 4. e3 a6 5. Nc3 Bf5 6. Be2 h6 7. O-O e6 8. a3 Nbd7
9. b4 b5 10. c5 g5 11. Bb2 Bg7 12. a4 O-O 13. Ra2 a5 14. axb5 axb4 15. Na4 cxb5
16. Bxb5 Ra5 17. Be2 Qa8 18. Qb3 Rb8 19. Rfa1 Qc6 20. Bc1 Ne4 21. Nd2 Ndxc5 22.
Nxc5 Nxc5 23. dxc5 Rxc5 24. Qd1 Bc2 25. Qf1 Bxa1 26. Rxa1 Ra8 27. Bb2 Rxa1 28.
Qxa1 Qa4 29. Qc1 Rc6 30. Ba1 Qa2 31. Bb5 Rc5 32. Bf1 Rc6 33. Bb5 Rc5 34. Bf1
Qa3 35. Bb2 1/2-1/2

[Event "Cracovia 2008 op A"]
[Site "Krakow"]
[Date "2008.12.30"]
[Round "5.36"]
[White "Wiewiora, Eneasz"]
[Black "Jakubiec, Edyta"]
[Result "1-0"]
[WhiteElo "2044"]
[BlackElo "2214"]
[PlyCount "71"]
[EventDate "2008.??.??"]

1. e4 c5 2. c3 d5 3. exd5 Qxd5 4. d4 Nf6 5. Nf3 Bg4 6. Be2 e6 7. h3 Bh5 8. Na3
cxd4 9. Nb5 Na6 10. Nbxd4 Nc5 11. Bf4 Be7 12. O-O O-O 13. Re1 Ncd7 14. Bh2 Rac8
15. a3 Rfd8 16. c4 Qe4 17. g4 Bxg4 18. hxg4 Qxg4+ 19. Bg3 Nc5 20. b4 Na6 21.
Bd3 g6 22. Nc2 Bd6 23. Ne3 Qh5 24. Kg2 Qh6 25. Qe2 Nh5 26. c5 Bxg3 27. fxg3 Nc7
28. Rad1 f5 29. Bc4 Re8 30. Rd7 Nf6 31. Rd4 Kh8 32. Rh1 Qg7 33. Rdh4 e5 34. Ng5
h5 35. Nf7+ Kh7 36. Nd6 1-0

[Event "Cracovia 2008 op A"]
[Site "Krakow"]
[Date "2008.12.30"]
[Round "5.37"]
[White "Pazderski, Ziemowit"]
[Black "Drozdowski, Kacper"]
[Result "1/2-1/2"]
[WhiteElo "2209"]
[BlackElo "2039"]
[PlyCount "93"]
[EventDate "2008.??.??"]

1. d4 d5 2. Nf3 Nf6 3. c4 dxc4 4. g3 e6 5. Bg2 c5 6. O-O Nc6 7. dxc5 Qxd1 8.
Rxd1 Bxc5 9. Nbd2 c3 10. bxc3 O-O 11. Nb3 Bb6 12. Ba3 Re8 13. Nfd4 Nxd4 14.
cxd4 Nd5 15. Rac1 f5 16. Nc5 Ba5 17. Nb3 Bb6 18. Bd6 Bd7 19. Nc5 Bc6 20. Be5
Rad8 21. e3 Re7 22. h4 Bxc5 23. Rxc5 Nb4 24. a3 Bxg2 25. Kxg2 Nc6 26. Rdc1 Kf7
27. Kf3 Red7 28. Rb5 Rc8 29. Rbc5 Rcd8 30. Rb1 Nxe5+ 31. dxe5 b6 32. Rc3 Rd3
33. Rbb3 R3d5 34. Rc7+ R8d7 35. Rxd7+ Rxd7 36. Rc3 Rb7 37. g4 fxg4+ 38. Kxg4 b5
39. f4 a5 40. e4 b4 41. axb4 axb4 42. Rb3 Ke7 43. f5 Rb5 44. Kf4 Kf7 45. Kg5
exf5 46. exf5 Rxe5 47. Rxb4 1/2-1/2

[Event "Cracovia 2008 op A"]
[Site "Krakow"]
[Date "2008.12.30"]
[Round "5.38"]
[White "Slabek, Grzegorz"]
[Black "Duda, Jan-Krzysztof"]
[Result "0-1"]
[WhiteElo "2192"]
[BlackElo "2013"]
[PlyCount "112"]
[EventDate "2008.??.??"]

1. d4 Nf6 2. Nf3 d5 3. g3 Bf5 4. Bg2 e6 5. O-O Be7 6. b3 O-O 7. Bb2 c6 8. Nbd2
Nbd7 9. c4 h6 10. Ne5 Bh7 11. Rc1 Rc8 12. e3 dxc4 13. Ndxc4 b5 14. Nxd7 Nxd7
15. Ne5 Nxe5 16. dxe5 Qb6 17. Qf3 c5 18. Rfd1 Rfd8 19. e4 Bg6 20. Qe3 Qa5 21.
a3 Bh5 22. f3 c4 23. b4 Qa4 24. Rxd8+ Rxd8 25. Bf1 Rd7 26. Kg2 Bd8 27. Bd4
Bxf3+ 28. Qxf3 Rxd4 29. Be2 Qa6 30. Qc3 Rd7 31. h4 Qb7 32. a4 a6 33. axb5 axb5
34. Bf3 Rd3 35. Qa1 Bc7 36. Rd1 Rxd1 37. Qxd1 Bxe5 38. Qd8+ Kh7 39. g4 Qc7 40.
Qd2 c3 41. Qc2 Qc4 42. Be2 Qxb4 43. h5 Qb2 44. Qxb2 cxb2 45. Bd3 b4 46. Kf3 g6
47. Bc2 Kg7 48. Bd3 Kf6 49. hxg6 fxg6 50. Ke2 h5 51. gxh5 gxh5 52. Kf3 Kg5 53.
Bb1 h4 54. Kg2 Kg4 55. Bd3 h3+ 56. Kf2 Kf4 0-1

[Event "Cracovia 2008 op A"]
[Site "Krakow"]
[Date "2008.12.30"]
[Round "5.39"]
[White "Tokarski, Bartosz"]
[Black "Pietruszewski, Marcin"]
[Result "1/2-1/2"]
[WhiteElo "2249"]
[BlackElo "2027"]
[PlyCount "80"]
[EventDate "2008.??.??"]

1. e4 e6 2. d4 d5 3. Nc3 Bb4 4. e5 c5 5. a3 Bxc3+ 6. bxc3 Qc7 7. Qg4 Ne7 8.
Qxg7 Rg8 9. Qxh7 cxd4 10. Ne2 Nbc6 11. f4 dxc3 12. Qd3 Bd7 13. Nxc3 a6 14. Rb1
Nf5 15. g4 Nh4 16. Be2 f5 17. g5 d4 18. Bh5+ Kf8 19. Ne2 Rh8 20. Ng3 Ne7 21.
Bd2 Bb5 22. Qb3 Qc6 23. a4 Bxa4 24. Qxb7 Qxb7 25. Rxb7 Bc6 26. Rc7 Rxh5 27.
Rxc6 Nxc6 28. Nxh5 Rb8 29. Ke2 Rb2 30. Ra1 a5 31. Bxa5 Nxa5 32. Rxa5 Rxc2+ 33.
Kd3 Rxh2 34. Nf6 Ng6 35. Ra8+ Kg7 36. Ra7+ Kf8 37. Nd7+ Ke8 38. Nf6+ Kf8 39.
Nd7+ Ke8 40. Nf6+ Kf8 1/2-1/2

[Event "Cracovia 2008 op A"]
[Site "Krakow"]
[Date "2008.12.30"]
[Round "5.40"]
[White "Andrzejewska, Anna"]
[Black "Andersen, Lars Even"]
[Result "0-1"]
[WhiteElo "2030"]
[BlackElo "2262"]
[PlyCount "129"]
[EventDate "2008.??.??"]

1. e4 d5 2. exd5 Nf6 3. d4 Nxd5 4. c4 Nb6 5. Nc3 e5 6. d5 Bb4 7. Qb3 Qe7 8. a3
Bd6 9. Nf3 O-O 10. Be3 c6 11. Ne4 N8d7 12. Qc3 cxd5 13. Nxd6 Qxd6 14. c5 d4 15.
cxd6 dxc3 16. bxc3 Nd5 17. Bd2 Nc5 18. c4 Nb3 19. Rb1 Nxd2 20. Nxd2 Nf6 21. c5
Rd8 22. g3 Be6 23. Bg2 Rac8 24. Rxb7 Rxc5 25. O-O Rxd6 26. Ne4 Nxe4 27. Bxe4
Ra6 28. Rb8+ Rc8 29. Rxc8+ Bxc8 30. Rd1 f5 31. Rd8+ Kf7 32. Rxc8 fxe4 33. Rc3
g5 34. h3 h5 35. Kf1 Ke6 36. Ke2 Kd5 37. Rb3 h4 38. gxh4 gxh4 39. Rb5+ Kd6 40.
Rb3 Ra4 41. Ke3 a5 42. Rc3 Kd5 43. Kd2 Ke6 44. Ke2 Kf5 45. Ke3 Rd4 46. Rb3 a4
47. Rc3 Rd3+ 48. Rxd3 exd3 49. Kxd3 Kf4 50. Ke2 e4 51. Kf1 Kf3 52. Kg1 e3 53.
Kf1 Ke4 54. Ke1 exf2+ 55. Ke2 f1=Q+ 56. Kxf1 Kf3 57. Ke1 Kg3 58. Ke2 Kxh3 59.
Kf3 Kh2 60. Kf2 h3 61. Kf1 Kg3 62. Kg1 Kf4 63. Kh2 Ke5 64. Kxh3 Kd4 65. Kg4 0-1

[Event "Cracovia 2008 op A"]
[Site "Krakow"]
[Date "2008.12.30"]
[Round "5.41"]
[White "Szromba, Krzysztof"]
[Black "Nasuta, Grzegorz"]
[Result "0-1"]
[WhiteElo "2158"]
[BlackElo "2081"]
[PlyCount "66"]
[EventDate "2008.??.??"]

1. f4 d5 2. Nf3 Nf6 3. g3 Bf5 4. Bg2 e6 5. O-O Bc5+ 6. d4 Bd6 7. c4 c6 8. Nc3
Ne4 9. Qb3 Qc7 10. cxd5 Nxc3 11. bxc3 exd5 12. Nh4 Bd7 13. Rb1 b5 14. e4 dxe4
15. Bxe4 Be6 16. Qc2 Nd7 17. Bxh7 Bxa2 18. Re1+ Kf8 19. Qxa2 Rxh7 20. Nf5 Kg8
21. Ne7+ Bxe7 22. Rxe7 g6 23. Ba3 Qd8 24. f5 gxf5 25. Rf1 b4 26. Bxb4 c5 27.
Qd5 Qxe7 28. Qxa8+ Kg7 29. dxc5 Qe3+ 30. Kg2 Ne5 31. h3 Nd3 32. Qf3 Qd2+ 33.
Rf2 Ne1+ 0-1

[Event "Cracovia 2008 op A"]
[Site "Krakow"]
[Date "2008.12.30"]
[Round "5.42"]
[White "Skawinski, Arkadiusz"]
[Black "Deriabina, Svetlana"]
[Result "1-0"]
[WhiteElo "2154"]
[BlackElo "2066"]
[PlyCount "49"]
[EventDate "2008.??.??"]

1. e4 c5 2. c3 e5 3. Nf3 Nc6 4. Bc4 Be7 5. d4 cxd4 6. Qb3 Na5 7. Bxf7+ Kf8 8.
Qb5 a6 9. Qxe5 Bf6 10. Qf4 Ne7 11. e5 Kxf7 12. Ng5+ Kg6 13. h4 h5 14. exf6 gxf6
15. Ne4 Nf5 16. g4 Ng7 17. Nd6 Qe7+ 18. Kd1 Qe5 19. gxh5+ Rxh5 20. Rg1+ Kh7 21.
Qg4 Rg5 22. hxg5 Qxd6 23. Qh4+ Kg8 24. gxf6 dxc3+ 25. Bd2 1-0

[Event "Cracovia 2008 op A"]
[Site "Krakow"]
[Date "2008.12.30"]
[Round "5.43"]
[White "Sowul, Bartosz"]
[Black "Machlowski, Slawomir"]
[Result "1-0"]
[WhiteElo "2000"]
[BlackElo "2154"]
[PlyCount "51"]
[EventDate "2008.??.??"]

1. e4 e6 2. d4 c5 3. Nf3 cxd4 4. Nxd4 Qb6 5. Nc3 Bc5 6. Na4 Qa5+ 7. c3 Bxd4 8.
Qxd4 Nf6 9. Nc5 Nc6 10. Qd6 Qd8 11. e5 Nxe5 12. Qxe5 d6 13. Bb5+ Ke7 14. Qg5
dxc5 15. Be3 Kf8 16. Bxc5+ Kg8 17. Rd1 Bd7 18. Bxd7 h6 19. Qd2 Qc7 20. Be7 Nd5
21. Ba3 Qc4 22. Qd4 Qa6 23. Qa4 Qb6 24. O-O a6 25. Qd4 Qxd4 26. Rxd4 1-0

[Event "Cracovia 2008 op A"]
[Site "Krakow"]
[Date "2008.12.30"]
[Round "5.44"]
[White "Kopczyk, Daniel"]
[Black "Gawronski, Lukasz"]
[Result "1-0"]
[WhiteElo "2153"]
[BlackElo "2066"]
[PlyCount "99"]
[EventDate "2008.??.??"]

1. e4 c5 2. Nf3 Nc6 3. d4 cxd4 4. Nxd4 Nf6 5. Nc3 e5 6. Ndb5 d6 7. Bg5 a6 8.
Na3 b5 9. Nd5 Be7 10. Bxf6 Bxf6 11. c3 Bg5 12. Nc2 Rb8 13. Be2 O-O 14. Nce3 Be6
15. O-O Ne7 16. Bf3 Bxe3 17. Nxe3 Qb6 18. Qd2 Rfd8 19. Rfd1 Rd7 20. h4 Rbd8 21.
b3 Qc5 22. c4 b4 23. g3 a5 24. Bg2 Ra7 25. Kh2 a4 26. a3 Nc6 27. axb4 Qxb4 28.
Qxb4 Nxb4 29. Rxa4 Rxa4 30. bxa4 Na6 31. a5 Kf8 32. Nd5 Rc8 33. Bf1 Rc5 34. Ra1
Ke8 35. Kg2 Kd8 36. Kf3 Kc8 37. Ke3 Kb7 38. f4 exf4+ 39. gxf4 Nc7 40. Nxc7 Rxc7
41. Kd4 Ka7 42. Rb1 Rc5 43. e5 Rxa5 44. exd6 Rf5 45. Bh3 Rxf4+ 46. Ke5 Rxc4 47.
Bxe6 fxe6 48. d7 Rc5+ 49. Kxe6 Rc6+ 50. Ke7 1-0

[Event "Cracovia 2008 op A"]
[Site "Krakow"]
[Date "2008.12.30"]
[Round "5.45"]
[White "Muc, Marcin"]
[Black "Wierzbicka, Wiktoria"]
[Result "1-0"]
[WhiteElo "2139"]
[BlackElo "2056"]
[PlyCount "51"]
[EventDate "2008.??.??"]

1. d4 d5 2. c4 c6 3. Nf3 Nf6 4. Qc2 e6 5. g3 Nbd7 6. Nbd2 Be7 7. Bg2 O-O 8. O-O
Re8 9. b3 Bf8 10. Bb2 b6 11. e4 dxe4 12. Nxe4 Nxe4 13. Qxe4 Bb7 14. Rad1 Nf6
15. Qe2 a5 16. Ne5 Qc7 17. Qf3 Rac8 18. Bc1 Bd6 19. Nd3 Nd7 20. Bf4 e5 21. dxe5
Nxe5 22. Nxe5 Bxe5 23. Bxe5 Qxe5 24. Rd7 Re7 25. Qg4 Qe6 26. Qxe6 1-0

[Event "Cracovia 2008 op A"]
[Site "Krakow"]
[Date "2008.12.30"]
[Round "5.46"]
[White "Kupczyk, Edyta"]
[Black "Pietrzak, Wojciech"]
[Result "1-0"]
[WhiteElo "2123"]
[BlackElo "1912"]
[PlyCount "123"]
[EventDate "2008.??.??"]

1. d4 d5 2. c4 e6 3. Nf3 c5 4. g3 Nf6 5. Bg2 Be7 6. O-O Nc6 7. cxd5 exd5 8.
dxc5 Bxc5 9. Bg5 Be6 10. Nc3 Rc8 11. Rc1 O-O 12. Bxf6 gxf6 13. a3 d4 14. Ne4
Bb6 15. Qd2 Kg7 16. Rfd1 Ne5 17. Rxc8 Nxf3+ 18. Bxf3 Bxc8 19. Qc1 Qe7 20. b4
Re8 21. Qb2 Rd8 22. Nd2 Be6 23. Nb3 Bxb3 24. Qxb3 Qc7 25. Bh5 Rd7 26. Qf3 Qc6
27. Qg4+ Kh8 28. Qh4 Qe6 29. Rd3 f5 30. Qf4 Bc7 31. Qf3 Qe4 32. Qg2 Qxg2+ 33.
Kxg2 Kg7 34. e3 Bb6 35. Bf3 Kf6 36. exd4 Rxd4 37. Rxd4 Bxd4 38. Bxb7 Bb2 39. a4
Bc3 40. b5 Ke5 41. f4+ Kd4 42. Kf3 Kc4 43. Bc8 Kb4 44. Bxf5 h6 45. Bd7 Kc5 46.
Be8 f6 47. Kg4 Bd4 48. Kf5 Kb6 49. h3 a6 50. bxa6 Kxa6 51. g4 Ka5 52. g5 fxg5
53. fxg5 hxg5 54. Kxg5 Kb6 55. h4 Kc7 56. Kg6 Kd8 57. Kf7 Bc3 58. h5 Bd2 59.
Bb5 Kc7 60. Kg6 Kd6 61. h6 Ke7 62. h7 1-0

[Event "Cracovia 2008 op A"]
[Site "Krakow"]
[Date "2008.12.30"]
[Round "5.47"]
[White "Hermanowicz, Dominika"]
[Black "Goslawski, Michal"]
[Result "1-0"]
[WhiteElo "2084"]
[BlackElo "1902"]
[PlyCount "73"]
[EventDate "2008.??.??"]

1. e4 c5 2. Nf3 d6 3. d4 cxd4 4. Nxd4 Nf6 5. Nc3 Nc6 6. Bc4 g6 7. Nxc6 bxc6 8.
e5 Nh5 9. exd6 Qxd6 10. Qf3 Be6 11. Bxe6 Qxe6+ 12. Be3 Bg7 13. O-O O-O 14. Bc5
Rfb8 15. Rab1 Bxc3 16. Qxc3 Nf4 17. Kh1 Qxa2 18. Bxe7 Nd5 19. Qa3 Qc4 20. Qc5
Qa6 21. Rfe1 Nxe7 22. Rxe7 Qa2 23. Rbe1 Rxb2 24. Re8+ Rxe8 25. Rxe8+ Kg7 26.
Qf8+ Kf6 27. Qh8+ Kg5 28. Re5+ f5 29. Qd8+ Kh5 30. Qd1+ Kg5 31. Qd2+ Kf6 32.
Qd6+ Kg5 33. Qe7+ Kh5 34. Qxh7+ Kg5 35. Qe7+ Kh5 36. h4 Qb1+ 37. Re1 1-0

[Event "Cracovia 2008 op A"]
[Site "Krakow"]
[Date "2008.12.30"]
[Round "5.48"]
[White "Starczewska, Dominika"]
[Black "Dragun, Kamil"]
[Result "0-1"]
[WhiteElo "1842"]
[BlackElo "2174"]
[PlyCount "90"]
[EventDate "2008.??.??"]

1. e4 c5 2. Nf3 d6 3. d4 cxd4 4. Nxd4 Nf6 5. Nc3 Nc6 6. Be3 Ng4 7. Bb5 Nxe3 8.
Nxc6 Nxd1 9. Nxd8+ Kxd8 10. Rxd1 e6 11. O-O a6 12. Be2 Kc7 13. f4 Be7 14. Bf3
Bf6 15. Rd3 Rd8 16. Rfd1 Rb8 17. g4 b5 18. g5 Be7 19. Bg2 Bb7 20. h4 Rbc8 21.
a3 Kb6 22. f5 a5 23. R1d2 Rc4 24. Rd4 Rxd4 25. Rxd4 d5 26. Kf1 Bc5 27. Rd1 d4
28. Ne2 b4 29. axb4 axb4 30. Nf4 Re8 31. fxe6 fxe6 32. Nd3 Ra8 33. Ke2 Ra2 34.
Kd2 Ba6 35. b3 Bb5 36. Rf1 Ra7 37. Bh1 Bd6 38. h5 Be7 39. Rg1 h6 40. gxh6 gxh6
41. Nf4 Bg5 42. Rxg5 hxg5 43. Nxe6 g4 44. Nxd4 Ra1 45. Bg2 Rg1 0-1